| 000 | 00617 a2200205 4500 | ||
|---|---|---|---|
| 005 | 20260323125451.0 | ||
| 008 | 260323b |||||||| |||| 00| 0 eng d | ||
| 020 | _a9789819780532 | ||
| 040 | _cSDCL | ||
| 041 |
_2eng _aeng |
||
| 084 | _aX:77.2'P R5 | ||
| 245 | _a75 Years of Growth, Development and Productivity in India | ||
| 260 |
_aSingapore : _bSpringer Nature, _c2025. |
||
| 300 | _axxi, 774p. | ||
| 490 | _aIndia studies in business and economics | ||
| 700 |
_aMaiti, Dibyendu ed. _91137607 |
||
| 700 |
_aGoldar, Bishwanath ed. _91137608 |
||
| 700 |
_aKrishna, K. L. ed. _91137609 |
||
| 942 |
_cTEXL _2CC |
||
| 999 |
_c1715220 _d1715220 |
||